000 00179 a2200097 4500
020 _a051488012955
041 _aeng
100 _aKaron jan
245 _aOut to Canaan
942 _cBK
999 _c10395
_d10395